Rozpoznawanie województw po pierwszych literach na rejestracji - Statystyki

Ogólne statystyki
  • Ten quiz został rozwiązany 116 razy
  • Średni wynik to 13 z 16
Statystyki odpowiedzi
Hint Odpowiedź % Poprawnych
D Dolnośląskie
96%
L Lubelskie
95%
O Opolskie
93%
W Mazowieckie
89%
K Małopolskie
84%
C Kujawsko-pomorskie
80%
B Podlaskie
80%
S Śląskie
80%
F Lubuskie
78%
P Wielkopolskie
78%
E Łódzkie
77%
R Podkarpackie
77%
G Pomorskie
77%
Z Zachodniopomorskie
74%
T Świętokrzyskie
62%
N Warmińsko-mazurskie
59%
Nie znaleziono quizów pasujących do podanych kryteriów
Rozkład punktacji
Procent ludzi z każdym wynikiem
Percentyl według liczby udzielonych odpowiedzi
Twoja historia wyników
Nie rozwiązałeś tego quizu